Código civil: decreto ley N§ 12760 de 6 de agosto de 1975, en vigencia desde el 2 de abril de 1976. Contiene la modificación de la Ley 2089 de 5 de mayo de 2000 en su artículo 4, sobre mayoría de edad y capacidad de obrar

Salvato in:
Dettagli Bibliografici
Natura: Libro
Lingua:spagnolo
Pubblicazione: La Paz U.P.S 2004
Edizione:1a. ed
Soggetti:
Tags: Aggiungi Tag
Nessun Tag, puoi essere il primo ad aggiungerne!!

MARC

LEADER 00000nam a2200000 a 4500
001 UCK6362
003 CL-VaPUC
008 050930e20040000BO |||||||||||||||||spa|d
082 0 4 |a 346.84  |b COD  |2 21 
245 1 0 |a Código civil: decreto ley N§ 12760 de 6 de agosto de 1975, en vigencia desde el 2 de abril de 1976. Contiene la modificación de la Ley 2089 de 5 de mayo de 2000 en su artículo 4, sobre mayoría de edad y capacidad de obrar 
250 |a 1a. ed 
300 |a 358 p 
942 |c BK 
945 |d 20050930 00:00:00  |a cmena 
260 |a La Paz  |b U.P.S  |c 2004 
650 7 |a DERECHO CIVIL BOLIVIANO  |2 CL-VaPUC  |9 495530 
650 7 |a CODIGO CIVIL BOLIVIANO  |2 CL-VaPUC  |9 495531 
650 0 |a Derechos civiles  |9 255655 
650 7 |a RESPONSABILIDAD CIVIL  |2 CL-VaPUC  |9 495532 
650 0 |a Obligaciones   |9 255578 
583 |a last modification  |c 20050930 00:00:00  |k Rodrigo Vera 
999 |c 314649  |d 314647 
952 |0 0  |1 0  |4 0  |6 346_840000000000000_COD_2004  |7 0  |8 A  |9 387260  |a BIBDER  |b BIBDER  |d 2019-11-22  |i 4167120  |o 346.84 COD 2004  |p 4167120  |r 2023-01-25  |w 2019-11-22  |y BK  |k DER